Lanean...

The Oxford handbook of school psychology/

Xehetasun bibliografikoak
Beste egile batzuk: Bray, Melissa A, Ed, Kehle, Thomas J, Ed
Formatua: Printed Book
Argitaratua: Oxford: Oxford University Press, 2011.
Saila:Oxford library of psychology
Gaiak:
Sarrera elektronikoa:http://www.amazon.com/Oxford-Handbook-Health-Psychology-Library/dp/0199365075
LEADER 00935cam a22002054a 4500
020 |a 9780195369809  
082 0 0 |a 370.15  |b Q13 
245 0 4 |a The Oxford handbook of school psychology/  |c ed by Melissa A. Bray and Thomas J. Kehle. 
260 |a Oxford:  |b Oxford University Press,  |c 2011. 
300 |a xx, 893p. :  |b ill ; 
490 0 |a Oxford library of psychology 
504 |a Includes bibliographical references and index. 
650 0 |a School psychology- Handbooks, manuals, etc.  |9 27901 
650 0 |a Educational psychology- Handbooks, manuals, etc.  |9 27902 
700 1 |a Bray, Melissa A, Ed.  |9 27903 
700 1 |a Kehle, Thomas J, Ed.  |9 27904 
856 |u http://www.amazon.com/Oxford-Handbook-Health-Psychology-Library/dp/0199365075 
942 |c BK 
999 |c 64504  |d 64504 
952 |0 0  |1 0  |4 0  |6 370_150000000000000_Q13  |7 0  |9 56414  |a MGUL  |b MGUL  |c GEN  |d 2015-01-12  |e Current Books Bill No 838 dated 10.12.2014  |g 4500.00  |l 0  |o 370.15 Q13  |p 52481  |r 2015-06-02  |y BK